[Event "Maia op 7th"]
[Site "Maia"]
[Date "2023.08.26"]
[Round "2"]
[White "Honey, Luke Anthony"]
[Black "Rego, Pedro Filipe"]
[Result "0-1"]
[WhiteElo "1803"]
[BlackElo "2332"]
[PlyCount "48"]
[EventDate "2023.08.25"]
[EventType "swiss"]
[EventRounds "9"]
[EventCountry "POR"]
[SourceTitle "EXT 2024"]
[Source "ChessBase"]
[SourceDate "2023.10.10"]
[SourceVersion "1"]
[SourceVersionDate "2023.10.10"]
[SourceQuality "1"]

1. e4 c5 2. Nf3 d6 3. d4 cxd4 4. Nxd4 Nf6 5. Nc3 Nc6 6. f3 e5 7. Nb3 Be6 8. Be3 Be7 9. Nd5 0-0 10. Qd2 a5 11. Bb6 Qc8 12. Bb5 Bxd5 13. exd5 a4 14. Nc1 Nxd5 15. Qxd5 Nb4 16. Qc4 Nxc2+ 17. Kd2 Nxa1 18. h4 d5 19. Qxc8 Rfxc8 20. Bd3 Rc6 21. Bf2 Rac8 22. Ne2 Bb4+ 23. Kd1 a3 24. b3 Nxb3 0-1

[Event "Titled Tuesday intern op 22nd Aug Early"]
[Site "Chess.com INT"]
[Date "2023.08.22"]
[Round "1"]
[White "Rego, Pedro Filipe"]
[Black "Mendez Fortes, Eduardo Jesus"]
[Result "0-1"]
[WhiteElo "2332"]
[BlackElo "2231"]
[PlyCount "134"]
[EventDate "2023.08.22"]
[EventType "swiss (blitz)"]
[EventRounds "11"]
[EventCountry "USA"]
[SourceTitle "EXT 2024"]
[Source "ChessBase"]
[SourceDate "2023.10.10"]
[SourceVersion "1"]
[SourceVersionDate "2023.10.10"]
[SourceQuality "1"]

1. e4 c5 2. Nf3 d6 3. d4 cxd4 4. Nxd4 Nf6 5. Nc3 a6 6. Bd3 e5 7. Nf5 g6 8. Ne3 Be6 9. 0-0 Bg7 10. a4 0-0 11. Ncd5 Nxd5 12. exd5 Bc8 13. c4 a5 14. Nc2 f5 15. Na3 Na6 16. Nb5 b6 17. Be2 f4 18. f3 Nc5 19. Bd2 Bf5 20. Bc3 Qe7 21. Re1 Bf6 22. Ra3 Bh4 23. Rf1 Rae8 24. b4 axb4 25. Bxb4 e4 26. a5 bxa5 27. Bxc5 dxc5 28. Rxa5 exf3 29. Bxf3 Qe3+ 30. Kh1 Bd3 31. Ra3 Bxf1 32. Rxe3 Rxe3 33. Qxf1 Re1 34. Qxe1 Bxe1 35. Nc7 Rb8 36. d6 Rb1 37. g4 fxg3 38. Kg2 gxh2 39. Kxh2 Bc3 40. Bd5+ Kh8 41. Ne8 Be5+ 42. Kh3 Rb8 43. d7 Rd8 44. Bc6 Kg8 45. Kg4 Kf7 46. Kf3 Ke7 47. Ke4 Bd4 48. Nc7 Rxd7 49. Nd5+ Kd6 50. Bxd7 Kxd7 51. Nf4 Ke7 52. Nd5+ Kf7 53. Nc7 h5 54. Nb5 g5 55. Kf5 g4 56. Nd6+ Ke7 57. Ne4 Be3 58. Ng3 h4 59. Nf1 h3 60. Kxg4 Ke6 61. Kxh3 Bf4 62. Kg4 Ke5 63. Kf3 Kf5 64. Ke2 Ke4 65. Kd1 Kd3 66. Ke1 Kxc4 67. Kd1 Kb3 0-1

[Event "Titled Tuesday intern op 15th Aug Late"]
[Site "Chess.com INT"]
[Date "2023.08.15"]
[Round "4"]
[White "Rego, Pedro Filipe"]
[Black "Fiorito, Joaquin"]
[Result "1-0"]
[WhiteElo "2332"]
[BlackElo "2409"]
[PlyCount "71"]
[EventDate "2023.08.15"]
[EventType "swiss (blitz)"]
[EventRounds "11"]
[EventCountry "USA"]
[SourceTitle "EXT 2024"]
[Source "ChessBase"]
[SourceDate "2023.10.10"]
[SourceVersion "1"]
[SourceVersionDate "2023.10.10"]
[SourceQuality "1"]

1. c4 Nf6 2. Nf3 e6 3. d4 d5 4. g3 Bb4+ 5. Bd2 a5 6. Bg2 0-0 7. 0-0 dxc4 8. Bg5 h6 9. Bxf6 Qxf6 10. a3 Bd6 11. Nbd2 b5 12. Ne4 Qe7 13. a4 b4 14. Nfd2 Bb7 15. Nxc4 Nd7 16. Nexd6 Bxg2 17. Nf5 exf5 18. Kxg2 c5 19. Qd3 cxd4 20. Qxd4 Nc5 21. Qe5 Qb7+ 22. f3 Ne6 23. Rfd1 Rad8 24. Rd6 Rxd6 25. Nxd6 Qc7 26. Rd1 Rd8 27. Rd3 Qc2 28. Kf2 f4 29. gxf4 Qxa4 30. f5 Nf8 31. Qe7 Qd7 32. f6 gxf6 33. Qxf6 Ng6 34. Nf5 Qa7+ 35. e3 Qd4 36. Rxd4 1-0

[Event "Titled Tuesday intern op 08th Aug Late"]
[Site "Chess.com INT"]
[Date "2023.08.08"]
[Round "3"]
[White "Rego, Pedro Filipe"]
[Black "Principe, Gerson"]
[Result "1-0"]
[WhiteElo "2332"]
[BlackElo "2213"]
[PlyCount "97"]
[EventDate "2023.08.08"]
[EventType "swiss (blitz)"]
[EventRounds "11"]
[EventCountry "USA"]
[SourceTitle "EXT 2024"]
[Source "ChessBase"]
[SourceDate "2023.10.10"]
[SourceVersion "1"]
[SourceVersionDate "2023.10.10"]
[SourceQuality "1"]

1. d4 Nf6 2. Bf4 c5 3. d5 d6 4. Nc3 g6 5. e4 Bg7 6. h3 0-0 7. Nf3 a6 8. a4 b6 9. Nd2 Nbd7 10. Be2 Rb8 11. 0-0 Ne8 12. Nc4 Nc7 13. Bg4 Ne5 14. Bxe5 Bxe5 15. Nxe5 dxe5 16. Qe2 Qd6 17. Bxc8 Rbxc8 18. Nb1 f5 19. f3 e6 20. c4 exd5 21. exd5 Rce8 22. Nc3 Re7 23. Rfd1 Rfe8 24. a5 bxa5 25. Rxa5 e4 26. fxe4 fxe4 27. Qe3 Rf7 28. Rxc5 Rfe7 29. Rc6 Qb4 30. d6 Re6 31. Rxc7 Rxd6 32. Rxd6 Qxd6 33. Nd5 Rf8 34. Qxe4 Qg3 35. Qd4 Qe1+ 36. Kh2 Rf7 37. Rxf7 Kxf7 38. Qf6+ Ke8 39. Qc6+ Kf8 40. Qd6+ Kg8 41. Qd8+ Kg7 42. Qd7+ Kg8 43. Qg4 Qe5+ 44. Qf4 Qxb2 45. Nf6+ Kg7 46. Ng4 Qb6 47. Qe5+ Kg8 48. c5 Kf7 49. cxb6 1-0

[Event "Titled Tuesday intern op 01st Aug Late"]
[Site "Chess.com INT"]
[Date "2023.08.01"]
[Round "11"]
[White "Estrada Nieto, Julian"]
[Black "Rego, Pedro Filipe"]
[Result "1/2-1/2"]
[WhiteElo "2217"]
[BlackElo "2332"]
[PlyCount "138"]
[EventDate "2023.08.01"]
[EventType "swiss (blitz)"]
[EventRounds "11"]
[EventCountry "USA"]
[SourceTitle "EXT 2024"]
[Source "ChessBase"]
[SourceDate "2023.10.10"]
[SourceVersion "1"]
[SourceVersionDate "2023.10.10"]
[SourceQuality "1"]

1. e4 c5 2. Nf3 d6 3. Bb5+ Nd7 4. d4 cxd4 5. Qxd4 e5 6. Qd3 a6 7. Bxd7+ Bxd7 8. Nc3 h6 9. Nd2 Be6 10. Nf1 Rc8 11. Ne3 Nf6 12. a4 Qa5 13. 0-0 Be7 14. Bd2 Qb6 15. a5 Qc5 16. Na4 Qc6 17. Nb6 Rc7 18. f3 0-0 19. c4 Qc5 20. Kh1 Qc6 21. b3 Re8 22. Rfd1 Bf8 23. Bb4 Rd8 24. Ned5 Bxd5 25. Nxd5 Nxd5 26. Qxd5 Be7 27. Kg1 Kf8 28. Kf1 Ke8 29. Rd3 Qxd5 30. Rxd5 Rc6 31. Rad1 g6 32. g4 b6 33. axb6 Rxb6 34. Ba5 Rxb3 35. Bxd8 Kxd8 36. R1d3 Rb1+ 37. Kg2 Kc8 38. c5 dxc5 39. Rxe5 Bg5 40. Rxc5+ Kb7 41. Rd7+ Kb6 42. Rcc7 Rb2+ 43. Kg3 Re2 44. Rb7+ Kc6 45. Rxf7 Be3 46. Rbc7+ Kb6 47. Rcd7 g5 48. Rf6+ Kb5 49. Rd5+ Kb4 50. e5 a5 51. e6 Bf4+ 52. Rxf4+ gxf4+ 53. Kxf4 Rxe6 54. Kf5 Rb6 55. h4 a4 56. g5 hxg5 57. hxg5 a3 58. Rd2 Kc3 59. Ra2 Kb3 60. Rxa3+ Kxa3 61. g6 Rb3 62. f4 Kb4 63. g7 Rg3 64. Kf6 Kc5 65. Kf7 Kd5 66. f5 Ke5 67. f6 Rg1 68. g8Q Rxg8 69. Kxg8 Kxf6 1/2-1/2

[Event "Titled Tuesday intern op 01st Aug Late"]
[Site "Chess.com INT"]
[Date "2023.08.01"]
[Round "10"]
[White "Rego, Pedro Filipe"]
[Black "D'Arruda, Ricardo D"]
[Result "1-0"]
[WhiteElo "2332"]
[BlackElo "2271"]
[PlyCount "79"]
[EventDate "2023.08.01"]
[EventType "swiss (blitz)"]
[EventRounds "11"]
[EventCountry "USA"]
[SourceTitle "EXT 2024"]
[Source "ChessBase"]
[SourceDate "2023.10.10"]
[SourceVersion "1"]
[SourceVersionDate "2023.10.10"]
[SourceQuality "1"]

1. e4 c5 2. Nf3 Nc6 3. Bb5 g6 4. 0-0 Bg7 5. Bxc6 bxc6 6. d3 d6 7. h3 e5 8. Nbd2 Ne7 9. Nc4 0-0 10. Be3 Kh8 11. Qd2 f5 12. Bh6 f4 13. Bxg7+ Kxg7 14. Nh2 Be6 15. c3 Qd7 16. b3 f3 17. Nxf3 Bxh3 18. Ng5 Be6 19. d4 Bxc4 20. bxc4 cxd4 21. cxd4 h6 22. Nh3 Qe6 23. d5 cxd5 24. cxd5 Qg4 25. f3 Qd7 26. Rfc1 Rfc8 27. Nf2 h5 28. f4 exf4 29. Qxf4 Rf8 30. Qe3 Rac8 31. Rab1 Rc7 32. Qd4+ Kh7 33. Nh3 Rxc1+ 34. Rxc1 Qg4 35. Rc7 Rf7 36. Qe3 a5 37. Ng5+ Kg7 38. Nxf7 Kxf7 39. Qf3+ Qxf3 40. gxf3 1-0

[Event "Titled Tuesday intern op 06th Jun Late"]
[Site "Chess.com INT"]
[Date "2023.06.06"]
[Round "2"]
[White "Arnaudov, Petar G"]
[Black "Rego, Pedro Filipe"]
[Result "1/2-1/2"]
[WhiteElo "2450"]
[BlackElo "2322"]
[PlyCount "153"]
[EventDate "2023.06.06"]
[EventType "swiss (blitz)"]
[EventRounds "11"]
[EventCountry "USA"]
[SourceTitle "EXT 2024"]
[Source "ChessBase"]
[SourceDate "2023.10.10"]
[SourceVersion "1"]
[SourceVersionDate "2023.10.10"]
[SourceQuality "1"]

1. Nf3 d5 2. g3 Nf6 3. Bg2 e6 4. 0-0 Be7 5. c4 0-0 6. d4 dxc4 7. Qc2 b5 8. a4 b4 9. Nfd2 c6 10. Nxc4 Qxd4 11. Rd1 Qc5 12. Be3 Qh5 13. Nbd2 Ng4 14. Nf3 Nxe3 15. Nxe3 a5 16. Nd4 Ba6 17. Bf3 Qg6 18. Nxc6 Nxc6 19. Qxc6 Bf6 20. Rd2 Rfc8 21. Qb6 Rcb8 22. Qc7 Rc8 23. Qf4 Rab8 24. h4 e5 25. Qg4 Qxg4 26. Nxg4 Rd8 27. Nxf6+ gxf6 28. Rad1 Rxd2 29. Rxd2 Rc8 30. Rd6 Bc4 31. Rxf6 Be6 32. Be4 Kg7 33. Rf3 b3 34. Bd3 Rc1+ 35. Kh2 Bd5 36. e4 Bc6 37. Re3 Bxa4 38. Ba6 Rc2 39. Re2 Bc6 40. f3 a4 41. Bd3 Rxe2+ 42. Bxe2 f5 43. Bd3 fxe4 44. fxe4 Bd7 45. Kg2 Bg4 46. Kf2 Bd1 47. Ke1 Bf3 48. Kd2 Kg6 49. Kc3 Kh5 50. Kb4 Kg4 51. Kxa4 Bd1 52. Kb4 Kxg3 53. Kc5 Kf4 54. Kd5 Bc2 55. Kc4 h5 56. Kc3 Bd1 57. Kd2 Bf3 58. Kc3 Bxe4 59. Bc4 Bc2 60. Bf7 Bd1 61. Kd2 Bg4 62. Bxb3 Kg3 63. Bf7 Kf4 64. b4 e4 65. b5 e3+ 66. Ke1 Bf3 67. Be8 Kg3 68. Bc6 Bg4 69. b6 Bc8 70. b7 Bxb7 71. Bxb7 Kxh4 72. Bf3 Kg3 73. Bxh5 Kf4 74. Ke2 Ke4 75. Bg6+ Kd4 76. Bh7 Ke5 77. Kxe3 1/2-1/2

[Event "Titled Tuesday intern op 06th Jun Late"]
[Site "Chess.com INT"]
[Date "2023.06.06"]
[Round "4"]
[White "Rego, Pedro Filipe"]
[Black "Domingo Nunez, Alejandro"]
[Result "0-1"]
[WhiteElo "2322"]
[BlackElo "2338"]
[PlyCount "86"]
[EventDate "2023.06.06"]
[EventType "swiss (blitz)"]
[EventRounds "11"]
[EventCountry "USA"]
[SourceTitle "EXT 2024"]
[Source "ChessBase"]
[SourceDate "2023.10.10"]
[SourceVersion "1"]
[SourceVersionDate "2023.10.10"]
[SourceQuality "1"]

1. d4 g6 2. e4 Bg7 3. Nf3 c6 4. Bd3 d5 5. e5 f6 6. h3 fxe5 7. Nxe5 Nf6 8. 0-0 Nbd7 9. f4 0-0 10. Nd2 Nh5 11. Ndf3 Nxf4 12. Bxf4 Rxf4 13. Ng5 Rxf1+ 14. Qxf1 Nxe5 15. dxe5 Qf8 16. Qe2 Qf4 17. Nf3 Bf5 18. Bxf5 Qxf5 19. Re1 Rf8 20. Nd4 Qd7 21. c3 c5 22. Nf3 Qf5 23. Qb5 b6 24. a4 Bh6 25. e6 Bf4 26. a5 Bd6 27. axb6 axb6 28. Qc6 Qh5 29. Rf1 Qf5 30. Rd1 d4 31. cxd4 cxd4 32. Qc4 Qf4 33. Qd3 Qg3 34. Rf1 Rf5 35. Ra1 h5 36. Ra8+ Kh7 37. Rc8 Rf4 38. h4 Rxh4 39. Nxh4 Qxd3 40. Nf3 Qe3+ 41. Kf1 Bg3 42. Rc2 d3 43. Re2 Qxe2+ 0-1

[Event "Titled Tuesday intern op 21st Mar Late"]
[Site "Chess.com INT"]
[Date "2023.03.21"]
[Round "1"]
[White "Rego, Pedro Filipe"]
[Black "Diaz Perez, Michel Alejandro"]
[Result "0-1"]
[WhiteElo "2312"]
[BlackElo "2414"]
[PlyCount "38"]
[EventDate "2023.03.21"]
[EventType "swiss (blitz)"]
[EventRounds "11"]
[EventCountry "USA"]
[SourceTitle "EXT 2024"]
[Source "ChessBase"]
[SourceDate "2023.10.10"]
[SourceVersion "1"]
[SourceVersionDate "2023.10.10"]
[SourceQuality "1"]

1. b3 d5 2. Bb2 f6 3. f4 c5 4. Nf3 Nc6 5. e3 a6 6. Be2 Bg4 7. 0-0 e6 8. d3 Bd6 9. Nbd2 Nge7 10. h3 Bh5 11. c4 0-0 12. g4 Bg6 13. Qe1 b5 14. g5 Nb4 15. gxf6 gxf6 16. e4 Bxf4 17. exd5 exd5 18. Qh4 Qc7 19. Bxf6 Nf5 0-1

[Event "Titled Tuesday intern op 14th Mar Late"]
[Site "Chess.com INT"]
[Date "2023.03.14"]
[Round "10"]
[White "Rego, Pedro Filipe"]
[Black "Gasparyan, Davit"]
[Result "0-1"]
[WhiteElo "2312"]
[BlackElo "2077"]
[PlyCount "126"]
[EventDate "2023.03.14"]
[EventType "swiss (blitz)"]
[EventRounds "11"]
[EventCountry "USA"]
[SourceTitle "EXT 2024"]
[Source "ChessBase"]
[SourceDate "2023.10.10"]
[SourceVersion "1"]
[SourceVersionDate "2023.10.10"]
[SourceQuality "1"]

1. d4 e6 2. e4 d5 3. Nd2 dxe4 4. Nxe4 Nd7 5. Nf3 Ngf6 6. Nxf6+ Nxf6 7. Bd3 c5 8. Bg5 cxd4 9. Nxd4 Qa5+ 10. Qd2 Bb4 11. c3 Be7 12. 0-0 0-0 13. Rfe1 e5 14. Nf5 Bxf5 15. Bxf5 Rad8 16. Qc2 g6 17. Bxf6 Bxf6 18. Be4 Qb6 19. Rad1 Bg7 20. Bd5 Kh8 21. c4 f5 22. b3 Qc5 23. Bxb7 e4 24. Rd5 Qb4 25. Red1 Rxd5 26. Bxd5 h6 27. Qd2 Qc5 28. b4 Qe7 29. c5 g5 30. c6 f4 31. Qe2 e3 32. fxe3 fxe3 33. Bf3 Re8 34. b5 Qc5 35. a4 Bd4 36. Kh1 Bc3 37. Rd7 Re7 38. Rd8+ Kg7 39. Qd3 Be5 40. Qe2 Bc7 41. Rd7 Rxd7 42. cxd7 Qe5 43. g3 Qd4 44. Kg2 Bb6 45. Bh5 Qxd7 46. Qb2+ Bd4 47. Qe2 Qd5+ 48. Bf3 Qc5 49. Qd3 Bf6 50. Qd7+ Be7 51. Qd3 Qe5 52. Bh5 Qf6 53. Bf3 Bc5 54. Qd7+ Be7 55. Qxa7 Qb2+ 56. Kh3 Qe5 57. Be2 Qf5+ 58. Kg2 Qf2+ 59. Kh3 Qf5+ 60. Kg2 Qe4+ 61. Bf3 Qc2+ 62. Kh3 Qf5+ 63. Bg4 Qf1# 0-1

[Event "Titled Tuesday intern op 14th Mar Late"]
[Site "Chess.com INT"]
[Date "2023.03.14"]
[Round "11"]
[White "Rego, Pedro Filipe"]
[Black "Tabak, Stefan"]
[Result "1/2-1/2"]
[WhiteElo "2312"]
[BlackElo "2148"]
[PlyCount "131"]
[EventDate "2023.03.14"]
[EventType "swiss (blitz)"]
[EventRounds "11"]
[EventCountry "USA"]
[SourceTitle "EXT 2024"]
[Source "ChessBase"]
[SourceDate "2023.10.10"]
[SourceVersion "1"]
[SourceVersionDate "2023.10.10"]
[SourceQuality "1"]

1. b3 e5 2. Bb2 Nc6 3. e3 Nf6 4. Bb5 Bd6 5. Ne2 a6 6. Bxc6 dxc6 7. 0-0 0-0 8. d4 exd4 9. Qxd4 Bf5 10. Qh4 Be7 11. Nd4 Bg6 12. Qg3 Ne4 13. Qf3 Ng5 14. Qe2 c5 15. Nf3 Bh5 16. Nbd2 Bf6 17. Bxf6 Qxf6 18. Rad1 Rad8 19. e4 Nxf3+ 20. Nxf3 Bxf3 21. Qxf3 Qxf3 22. gxf3 f6 23. Rfe1 Kf7 24. Kf1 Ke6 25. Ke2 Rd6 26. Rxd6+ Kxd6 27. Ke3 Ke7 28. Rg1 g6 29. Rd1 Rd8 30. Rxd8 Kxd8 31. e5 Ke7 32. Ke4 c6 33. c4 Ke6 34. f4 b6 35. a3 h6 36. a4 f5+ 37. Ke3 Ke7 38. h4 h5 39. Kd3 Ke6 40. Kc3 a5 41. Kd2 Ke7 42. Ke3 Ke6 43. Kf3 Ke7 44. Ke3 Ke6 45. Kd3 Ke7 46. Kc2 Ke6 47. Kb2 Ke7 48. Ka3 Ke6 49. Ka2 Ke7 50. Kb1 Ke6 51. Kc1 Ke7 52. Kb2 Ke6 53. Kc1 Ke7 54. Kd1 Ke6 55. Ke1 Ke7 56. Ke2 Ke6 57. Kf3 Ke7 58. Kg2 Ke6 59. Kh3 Ke7 60. Kh2 Ke6 61. Kh1 Ke7 62. Kg2 Ke6 63. Kg1 Ke7 64. Kf1 Ke6 65. Ke2 Ke7 66. Ke3 1/2-1/2

[Event "Titled Tuesday intern op 7th Mar Late"]
[Site "Chess.com INT"]
[Date "2023.03.07"]
[Round "10"]
[White "Gavrilin, Roman"]
[Black "Rego, Pedro Filipe"]
[Result "1-0"]
[WhiteElo "2152"]
[BlackElo "2312"]
[PlyCount "75"]
[EventDate "2023.03.07"]
[EventType "swiss (blitz)"]
[EventRounds "11"]
[EventCountry "USA"]
[SourceTitle "EXT 2024"]
[Source "ChessBase"]
[SourceDate "2023.10.10"]
[SourceVersion "1"]
[SourceVersionDate "2023.10.10"]
[SourceQuality "1"]

1. e4 e6 2. d4 d5 3. Nc3 Nf6 4. Bg5 dxe4 5. Nxe4 Be7 6. Bxf6 gxf6 7. Nc3 a6 8. g3 c5 9. d5 Qb6 10. Rb1 Nd7 11. Bg2 Ne5 12. Nge2 h5 13. 0-0 h4 14. Nf4 hxg3 15. hxg3 Bd7 16. Ne4 f5 17. d6 fxe4 18. dxe7 Bc6 19. Qd6 Nc4 20. Qd1 Kxe7 21. Qe2 Nd6 22. Nh3 Qb5 23. Qe3 Nf5 24. Qg5+ f6 25. Qf4 Rad8 26. Rfd1 Qb6 27. Re1 e3 28. fxe3 Bxg2 29. Kxg2 Qc6+ 30. e4 Nd4 31. c3 e5 32. Qf2 Qe6 33. Ng1 Nb5 34. Rbd1 Rxd1 35. Rxd1 Rd8 36. Qxc5+ Kf7 37. Rxd8 Kg6 38. Qf8 1-0

[Event "Titled Tuesday intern op 7th Mar Late"]
[Site "Chess.com INT"]
[Date "2023.03.07"]
[Round "6"]
[White "Rego, Pedro Filipe"]
[Black "Almeida Quintana, Omar"]
[Result "0-1"]
[WhiteElo "2312"]
[BlackElo "2527"]
[PlyCount "42"]
[EventDate "2023.03.07"]
[EventType "swiss (blitz)"]
[EventRounds "11"]
[EventCountry "USA"]
[SourceTitle "EXT 2024"]
[Source "ChessBase"]
[SourceDate "2023.10.10"]
[SourceVersion "1"]
[SourceVersionDate "2023.10.10"]
[SourceQuality "1"]

1. d4 g6 2. e4 Bg7 3. Nf3 d6 4. Bd3 Nf6 5. c3 0-0 6. 0-0 Nc6 7. h3 e5 8. Be3 Nd7 9. Nbd2 h6 10. dxe5 Ndxe5 11. Nxe5 Nxe5 12. Be2 f5 13. exf5 Bxf5 14. Nc4 Nxc4 15. Bxc4+ Kh8 16. Qd2 Qh4 17. Bd3 Bxh3 18. gxh3 Rf3 19. Rfe1 Rxh3 20. Bf4 Rh1+ 21. Kg2 Qh3# 0-1

[Event "Titled Tuesday intern op 28th Feb Late"]
[Site "Chess.com INT"]
[Date "2023.02.28"]
[Round "1"]
[White "Oro, Faustino"]
[Black "Rego, Pedro Filipe"]
[Result "0-1"]
[WhiteElo "2211"]
[BlackElo "2305"]
[PlyCount "78"]
[EventDate "2023.02.28"]
[EventType "swiss (blitz)"]
[EventRounds "11"]
[EventCountry "USA"]
[SourceTitle "CBM 213 Extra"]
[Source "ChessBase"]
[SourceDate "2023.05.31"]
[SourceVersion "1"]
[SourceVersionDate "2023.05.31"]
[SourceQuality "1"]

1. Nf3 d5 2. e3 Nf6 3. b3 c5 4. Bb2 a6 5. Be2 Nc6 6. d4 e6 7. 0-0 Be7 8. c4 0-0 9. Nbd2 cxd4 10. Nxd4 Nxd4 11. Bxd4 dxc4 12. Nxc4 b5 13. Bf3 Nd5 14. Nb6 Rb8 15. Nxd5 exd5 16. Qd2 Be6 17. Rac1 Qd7 18. Be5 Rbc8 19. Rfd1 Rxc1 20. Rxc1 Rc8 21. h3 Rxc1+ 22. Qxc1 Bd6 23. Bxd6 Qxd6 24. Qc3 g6 25. b4 Qd7 26. a3 Qd6 27. h4 h5 28. g3 Kh7 29. Kg2 Qd7 30. Qc5 Bh3+ 31. Kh2 Be6 32. Qb6 Qc8 33. Bg2 Qc2 34. Qxa6 Qxf2 35. Qxb5 Qxe3 36. a4 d4 37. Qc5 Qc3 38. Qxc3 dxc3 39. Be4 Bf5 0-1

[Event "Titled Tuesday intern op 21st Feb Early"]
[Site "Chess.com INT"]
[Date "2023.02.21"]
[Round "8"]
[White "Decoster, Frederic"]
[Black "Rego, Pedro Filipe"]
[Result "0-1"]
[WhiteElo "2301"]
[BlackElo "2305"]
[PlyCount "66"]
[EventDate "2023.02.21"]
[EventType "swiss (blitz)"]
[EventRounds "11"]
[EventCountry "USA"]
[SourceTitle "CBM 212 Extra"]
[Source "ChessBase"]
[SourceDate "2023.03.31"]
[SourceVersion "1"]
[SourceVersionDate "2023.03.31"]
[SourceQuality "1"]

1. e4 c5 2. Nf3 d6 3. d4 cxd4 4. Nxd4 Nf6 5. Nc3 Nc6 6. Bg5 e6 7. Qd2 a6 8. 0-0-0 Bd7 9. f3 Be7 10. h4 Qc7 11. Kb1 b5 12. Nxc6 Bxc6 13. Bd3 b4 14. Ne2 a5 15. Nd4 Bd7 16. h5 h6 17. Be3 d5 18. Nb5 Qb7 19. e5 Bxb5 20. exf6 Bxf6 21. Rhe1 Rc8 22. Bxb5+ Qxb5 23. Bd4 Bxd4 24. Qxd4 0-0 25. g4 Qc4 26. Qd2 a4 27. Re3 Qf4 28. Qe2 Rc4 29. b3 axb3 30. cxb3 Rc5 31. Rc1 Rxc1+ 32. Kxc1 Rc8+ 33. Kb1 d4 0-1

[Event "Titled Tuesday intern op 21st Feb Late"]
[Site "Chess.com INT"]
[Date "2023.02.21"]
[Round "2"]
[White "Domingo Nunez, Ruben"]
[Black "Rego, Pedro Filipe"]
[Result "1/2-1/2"]
[WhiteElo "2376"]
[BlackElo "2305"]
[PlyCount "115"]
[EventDate "2023.02.21"]
[EventType "swiss (blitz)"]
[EventRounds "11"]
[EventCountry "USA"]
[SourceTitle "CBM 212 Extra"]
[Source "ChessBase"]
[SourceDate "2023.03.31"]
[SourceVersion "1"]
[SourceVersionDate "2023.03.31"]
[SourceQuality "1"]

1. b3 e5 2. Bb2 d6 3. f3 c5 4. c4 g6 5. Nc3 Bg7 6. Qc2 Nc6 7. e3 Nge7 8. a3 Be6 9. Nge2 Rc8 10. g3 d5 11. cxd5 Nxd5 12. Bg2 Nd4 13. Qd1 Nxc3 14. Bxc3 Bxb3 15. Qb1 Nc2+ 16. Kf2 Nxa1 17. Qxa1 0-0 18. h4 h5 19. Rb1 c4 20. Nc1 Qd7 21. Nxb3 cxb3 22. Rxb3 e4 23. Bd4 Bxd4 24. exd4 exf3 25. Bxf3 b6 26. d5 Qf5 27. Kg2 Rfe8 28. Qd4 Rc1 29. Rc3 Rxc3 30. Qxc3 Rd8 31. Qc6 Qe5 32. Qb7 Qd4 33. Qxa7 Qxd2+ 34. Kh3 Qc3 35. Qxb6 Re8 36. Qc6 Re3 37. Qxc3 Rxc3 38. Be4 Rxa3 39. d6 Kf8 40. Bc6 Rd3 41. d7 Ke7 42. Kg2 Kd8 43. Kf2 Kc7 44. Bb5 Rc3 45. Kg2 f6 46. Kf2 g5 47. hxg5 fxg5 48. Kg2 Rc5 49. Ba4 Rc4 50. Bb3 Rb4 51. Bf7 h4 52. gxh4 gxh4 53. Be6 Re4 54. Bf5 Rb4 55. Kh3 Rd4 56. Bg4 Kd8 57. Kxh4 Rxd7 58. Bxd7 1/2-1/2

[Event "Titled Tuesday intern op 21st Feb Early"]
[Site "Chess.com INT"]
[Date "2023.02.21"]
[Round "10"]
[White "Rego, Pedro Filipe"]
[Black "Hirneise, Jens"]
[Result "1-0"]
[WhiteElo "2305"]
[BlackElo "2273"]
[PlyCount "101"]
[EventDate "2023.02.21"]
[EventType "swiss (blitz)"]
[EventRounds "11"]
[EventCountry "USA"]
[SourceTitle "CBM 212 Extra"]
[Source "ChessBase"]
[SourceDate "2023.03.31"]
[SourceVersion "1"]
[SourceVersionDate "2023.03.31"]
[SourceQuality "1"]

1. e4 e6 2. d4 d5 3. Nc3 Nf6 4. Bg5 dxe4 5. Nxe4 Nbd7 6. Nxf6+ Nxf6 7. Nf3 c5 8. dxc5 Qa5+ 9. c3 Qxc5 10. Qd4 Qxd4 11. Nxd4 Bd7 12. Bb5 Bc5 13. 0-0-0 Bxb5 14. Nxb5 Ke7 15. Rd2 Rad8 16. Rhd1 Rxd2 17. Rxd2 Rd8 18. Rxd8 Kxd8 19. f3 a6 20. Nd4 Bxd4 21. cxd4 Kd7 22. Bxf6 gxf6 23. Kc2 Kd6 24. Kc3 Kd5 25. b3 h5 26. g3 f5 27. Kd3 f6 28. h3 b5 29. a3 a5 30. g4 hxg4 31. fxg4 fxg4 32. hxg4 e5 33. dxe5 Kxe5 34. Ke3 Kd5 35. Kf4 a4 36. bxa4 bxa4 37. Kf5 Kc4 38. Kxf6 Kb3 39. g5 Kxa3 40. g6 Kb3 41. g7 a3 42. g8Q+ Kb2 43. Qg2+ Kb1 44. Qf1+ Kb2 45. Qe2+ Kb1 46. Qb5+ Ka1 47. Qe5+ Kb1 48. Qe4+ Kb2 49. Qb4+ Ka2 50. Ke5 Ka1 51. Qxa3+ 1-0